The Digital Transformation of Labor : Automation, the Gig Economy and Welfare.

Bibliographic Details
Main Author: Larsson, Anthony.
Other Authors: Teigland, Robin.
Format: eBook
Language:English
Published: Milton : Taylor & Francis Group, 2019.
Edition:1st ed.
Series:Routledge Studies in Labour Economics Series
Subjects:
Online Access:Click to View
LEADER 01595nam a22003853i 4500
001 EBC7244948
003 MiAaPQ
005 20231204023228.0
006 m o d |
007 cr cnu||||||||
008 231204s2019 xx o ||||0 eng d
020 |a 9781000730784  |q (electronic bk.) 
020 |z 9780367330705 
035 |a (MiAaPQ)EBC7244948 
035 |a (Au-PeEL)EBL7244948 
035 |a (OCoLC)1250408589 
040 |a MiAaPQ  |b eng  |e rda  |e pn  |c MiAaPQ  |d MiAaPQ 
100 1 |a Larsson, Anthony. 
245 1 4 |a The Digital Transformation of Labor :  |b Automation, the Gig Economy and Welfare. 
250 |a 1st ed. 
264 1 |a Milton :  |b Taylor & Francis Group,  |c 2019. 
264 4 |c Ã2020. 
300 |a 1 online resource (373 pages) 
336 |a text  |b txt  |2 rdacontent 
337 |a computer  |b c  |2 rdamedia 
338 |a online resource  |b cr  |2 rdacarrier 
490 1 |a Routledge Studies in Labour Economics Series 
588 |a Description based on publisher supplied metadata and other sources. 
590 |a Electronic reproduction. Ann Arbor, Michigan : ProQuest Ebook Central, 2023. Available via World Wide Web. Access may be limited to ProQuest Ebook Central affiliated libraries.  
655 4 |a Electronic books. 
700 1 |a Teigland, Robin. 
776 0 8 |i Print version:  |a Larsson, Anthony  |t The Digital Transformation of Labor  |d Milton : Taylor & Francis Group,c2019  |z 9780367330705 
797 2 |a ProQuest (Firm) 
830 0 |a Routledge Studies in Labour Economics Series 
856 4 0 |u https://ebookcentral.proquest.com/lib/matrademy/detail.action?docID=7244948  |z Click to View